000 01354aam a2200421 4500
005 20250624164119.0
008 150609b2007 xxu||||| |||| 00| 0 spa d
020 _a9789701512944
041 _aESP
082 _a658.404.028.5 C716ge
100 _aColmenar, Antonio
100 _aCastro, Manuel
100 _aPérez, Julio
245 _aGestión de proyectos con Microsoft Project 2007
260 _aMéxico
260 _bAlfaomega
260 _c2007
300 _a288 páginas
490 _aDirección y Administración de Empresas
650 _aGERENCIA DE PROYECTOS
650 _aPROCESAMIENTO DE DATOS
650 _aAPLICACIONES DE COMPUTADORA
650 _aPROYECTOS INFORMÁTICOS
650 _aMICROSOFT OFFICE PROJECT 2007
650 _aINSTALACIÓN DE MICROSOFT OFFICE PROJECT 2007
650 _aINTRODUCCIÓN A LA GESTIÓN DE PROYECTOS
650 _aPASO A PASO DE UN PROYECTO
650 _aMANEJO DE LAS TAREAS DE PROYECTOS
650 _aESQUEMATIZACIÓN DE UN PROYECTO
650 _aGESTIÓN DE LOS RECURSOS DEL PROYECTO
650 _aPROGRAMACIÓN CON RECURSOS
650 _aCONTROL DE UN PROYECTO
650 _aAPLICACIÓN DE FILTROS Y ORDENACIÓN DE DATOS
650 _aPERSONALIZACIÓN DE TABLAS
650 _aELABORACIÓN DE PROYECTOS
650 _aCONTROL DE PROYECTOS
942 _cBK
_2ddc
999 _c2722
_d2722